[Event "Druga liga Srbije grupa Vojvodina 2013"]
[Site "Stari Banovci"]
[Date "2013.11.04"]
[Round "1.5"]
[White "Stojanovic, Vlastimir"]
[Black "Jovic, Stevan"]
[Result "0-1"]
[WhiteElo "2205"]
[BlackElo "2244"]
[PlyCount "104"]
[EventDate "2013.11.04"]

1. e4 c6 2. d4 d5 3. exd5 cxd5 4. Bd3 Nf6 5. Nf3 Bg4 6. c3 Nc6 7. Bf4 e6 8.
Nbd2 Bd6 9. Bxd6 Qxd6 10. O-O O-O 11. Qe1 Nd7 12. Qe3 f6 13. c4 Rae8 14. Rac1
Bh5 15. Rfe1 Re7 16. Bf1 Bf7 17. cxd5 exd5 18. Qb3 Rxe1 19. Rxe1 Nb6 20. Qb5
Qc7 21. Nb3 a6 22. Qc5 Nc4 23. Bxc4 b6 24. Qa3 dxc4 25. Nbd2 a5 26. Rc1 Nb4 27.
Nxc4 Rc8 28. Rc3 Nd5 29. Rc2 Nb4 30. Rc3 Bxc4 31. b3 Qf7 32. bxc4 Rxc4 33. Rxc4
Qxc4 34. Qe3 Kf7 35. Qf4 Ke7 36. a3 Nd3 37. Qe4+ Kd6 38. g3 Qc1+ 39. Kg2 Qh1+
40. Kxh1 Nxf2+ 41. Kg2 Nxe4 42. Nh4 g6 43. Kf3 Nd2+ 44. Ke2 Nb1 45. Kd3 Nxa3
46. Nf3 Kd5 47. Ne1 b5 48. Ng2 Nc4 49. Nf4+ Kd6 50. Kc3 Ne3 51. Ne2 Nd5+ 52.
Kd3 a4 0-1